000 00635nam#a22002415a#4500
001 2998
008 221216s2022####ag#####f######001#0#spa#d
245 1 4 _aTrasfondo /
_cPatricia Ratto.
250 _a1ª ed. especial.
260 _aCiudad Autónoma de Buenos Aires :
_bAdriana Hidalgo Editora,
_c2022.
300 _a148 p. ;
_c20 p.
020 _a9789878969176
100 1 _aRatto, Patricia.
080 _a82-94
084 _aR25
653 _aNarrativa Argentina
653 _aLiteratura Argentina
653 _aGuerra de Malvinas
040 _aAR-ClEAG
_cAR-ClEAG
005 20241107184809.0
003 AR-ClEAG
942 _cBK
999 _c2998
_d2998
980 _62
_aEvangelina Gallicchio
_82
_gEvangelina Gallicchio